00322nam a2200121Ia 4500008004100000041000800041082001400049100001400063245004500077260004100122300003000163365000700193240624s9999 xx 000 0 und d aeng a658.3 LAW aLAWES ANN aMANAGEMENT SKILLS FOR THE INFORMATION MA c1997aMumbaibJaico Publishing House axi, : 228 : p. : cm. ; 24 cRS